Music Quiz

Random Music or Country Music Quiz

1990's country music songs Quiz Stats

 Plays Quiz not verified by Sporcle

Also try: Genesis Albums
Challenge
Share
Tweet
Embed
Score 0/25 Timer 19:00
0 Plays Today
Hint Answer % Correct
creole williams lived down a dirt road made homemade wine like nobody i knowDust On The Bottle
75%
don't need to dress like no beauty queen high heels or sneakers he don't give a damnMy Baby Loves Me
71.3%
she's got me saying sugar pie honey darlin and dear i ain't seen the braves play I Like It. I Love It
70%
even when i'm ugly he still better love me and i can be late for a dinnerAny Man Of Mine
67.5%
i bet you never heard ole marshall dillion say miss kitty have you ever thought of running awayShould've Been A Cowboy
66.3%
my car has nothing to prove it's not new but it'll do 0 to 60 in 5.2I'm In A Hurry
63.8%
west virginia down to tennessee i'll be moving with the good lords speedCarrying Your Love With Me
63.1%
before you drop that quarter keep one thing in mind you got a heartbroke hillbillyDon't Rock The Jukebox
61.9%
well it was five years later on a southbound plane i was headed down to new orleansSomething Like That
61.9%
she's been reading about nashville and all the records that everybody's buyingGone Country
59.4%
it gets hotter than a hoochie coochie we laid rubber on the georgia asphaltChattahoochee
58.1%
she loves rock and roll they said it's satan's tongue she thinks they're too oldWild One
56.9%
it was no accident me finding you someone had a hand in itThe Keeper Of The Stars
56.9%
Hint Answer % Correct
there ain't a whole lot goin' on tonight in this one-horse townShe's In Love With The Boy
55%
they read you cinderella you hoped it would come trueI Can Love You Like That
55%
cause i've lost loved ones in my life who never knew how much i loved themIf Tomorrow Never Comes
54.4%
can't concentrate on the preacher preachin' my attention span done turned offDaddy's Money
53.8%
little umbrella shaped margaritas coconut oil tannin senoritasHow Forever Feels
50.6%
we got out to a party somewhere the moment we walk in the doorShe Don't Know She's Beautiful
48.8%
all it took was just one look to knock me off my feetBe My Baby Tonight
45%
i don't believe in chasin' crazy dreams my feet aren't planted firmly on the groundCarried Away
43.8%
she's got every quality from a all the way to z it's easy to see she's the perfect girlShe Got It All
41.3%
slow dance second chance momma needs romance and a live in maidXXX's and OOO's
38.8%
she don't care 'bout what's in style she just likes the way he smilesLivin' On Love
35%
lyin on the bank of the river stars are dancin' lord it's hot Let's Go To Vegas
22.5%

You're not logged in!

Compare scores with friends on all Sporcle quizzes.
Join for Free
OR
Log In

You Might Also Like...

Show Comments

Extras

Created Jun 1, 2015ReportNominate
Tags:Country Music Quiz

Top Quizzes Today


Score Distribution

Your Account Isn't Verified!

In order to create a playlist on Sporcle, you need to verify the email address you used during registration. Go to your Sporcle Settings to finish the process.

Report this User

Report this user for behavior that violates our Community Guidelines.

Details: